000 00273nam a2200109Ia 4500
001 588773
005 20250717120837.0
008 250717s9999 xx 000 0 und d
245 0 _aV-13 ONBAŞI NEZAHAT
_cİSMAİL BİLGİN
260 _bTİMAŞ YAYINLARI
_c2018
300 _b77
999 _c588773
_d588773